Statystyki dla Najstarszy i najmłodszy zawodnik z każdej reprezentacji na mundialu

Kliknij tutaj aby rozwiązać quiz!

Ogólne statystyki

  • Ten quiz został rozwiązany 20 razy
  • Średni wynik to 11 z 64

Statystyki odpowiedzi

ReprezentacjaMłodszy/starszyOdpowiedź% Poprawnych
NajmłodszyGavi
72%
NajmłodszyJude Bellingham
67%
ChorwacjaNajstarszyLuka Modrić
61%
PortugaliaNajstarszyPepe
61%
NiemcyNajstarszyManuel Neuer
56%
PolskaNajstarszyArtur Jędrzejczyk
50%
NajmłodszyEduardo Camavinga
44%
NajmłodszyKevin Alvarez
44%
NajmłodszyJakub Kamiński
39%
BelgiaNajstarszyJan Vertonghen
39%
AngliaNajstarszyKyle Walker
39%
HiszpaniaNajstarszySergio Busquets
39%
SzwajcariaNajstarszyYann Sommer
39%
NajmłodszyAntonio Silva
33%
UrugwajNajstarszyDiego Godin
33%
DaniaNajstarszyKasper Schmeichel
33%
FrancjaNajstarszySteve Mandanda
33%
BrazyliaNajstarszyDani Alves
28%
KanadaNajstarszyAtiba Hutchinson
22%
KoreaNajstarszyTae-hwan Kim
22%
WaliaNajstarszyWayne Hennessey
17%
KostarykaNajstarszyBryan Ruiz
11%
SerbiaNajstarszyDusan Tadić
11%
NajmłodszyFacundo Pellistri
11%
NajmłodszyHannibal Mejbri
11%
NajmłodszyKang-in Lee
11%
NajmłodszyPape Matar Sarr
11%
HolandiaNajstarszyRemko Pasveer
11%
NajmłodszyStrahinja Pavlović
11%
NajmłodszyTakefusa Kubo
11%
USANajstarszyTim Ream
11%
NajmłodszyXavi Simons
11%
NajmłodszyYoussoufa Moukoko
11%
NajmłodszyZeno Debast
11%
MeksykNajstarszyAlfredo Talavera
6%
JaponiaNajstarszyEiji Kawashima
6%
ArgentynaNajstarszyFranco Armani
6%
NajmłodszyGabriel Martinelli
6%
NajmłodszyGarang Kuol
6%
EkwadorNajstarszyHernan Galindez
6%
SenegalNajstarszyIdrissa Gueye
6%
NajmłodszyJewison Benette
6%
NajmłodszyMikkel Damsgaard
6%
Arabia SaudyjskaNajstarszySalman Al-Faraj
6%
NajmłodszyThiago Almada
6%
NajmłodszyAbdul Fatawu Issahaku
0%
NajmłodszyAbolfazl Jalali
0%
NajmłodszyArdon Jashari
0%
TunezjaNajstarszyAymen Mathlouti
0%
NajmłodszyBilal El Khannous
0%
AustraliaNajstarszyDanny Vukovic
0%
GhanaNajstarszyDenis Odoi
0%
KamerunNajstarszyEric Maxim Choupo-Moting
0%
NajmłodszyHaitham Asiri
0%
NajmłodszyIsmael Kone
0%
NajmłodszyJassem Gaber
0%
NajmłodszyJeremy Sarmiento
0%
NajmłodszyJoe Scally
0%
NajmłodszyLuka Sucić
0%
MarokoNajstarszyMunir Mohand
0%
NajmłodszyRubin Colwill
0%
KatarNajstarszySaad Al-Sheeb
0%
NajmłodszySimon Ngapandouetnbu
0%
IranNajstarszyWahid Amiri
0%

Rozkład punktacji

Percentyl według liczby udzielonych odpowiedzi

Procent ludzi z każdym wynikiem

Twoja historia wyników

Nie rozwiązałeś tego quizu